Welche Farben haben die Fächer - Statistiken

Allgemein
  • Dieses Quiz wurde 410 mal gespielt
  • Das Durchschnittsergebnis liegt bei 10 aus 12
Antwortstatistiken
Hint Antwort % Korrekt
Mathe Blau
100%
Deutsch Rot
100%
Bio Grün
99%
Französisch Gelb
98%
Religion/Ethik Lila/Schwarz
97%
Politik/Wirtschaft Weiß
90%
Englisch Orange
89%
Musik Lila
88%
Geschichte Schwarz
88%
Erdkunde/Sozialkunde Braun
81%
Physik Dunkelblau
32%
Chemie Dunkelgrün
27%
Keine übereinstimmenden Quizze gefunden
Verteilung der Resultate
Anzahl Personen mit jedem Resultat
Perzentil nach korrekt beantworteten Fragen
Ihre Resultats-Entwicklung
Sie haben dieses Quiz noch nicht gespielt